<?xml version="1.0" encoding="UTF-8"?>
<record
    xmlns:xsi="http://www.w3.org/2001/XMLSchema-instance"
    xsi:schemaLocation="http://www.loc.gov/MARC21/slim http://www.loc.gov/standards/marcxml/schema/MARC21slim.xsd"
    xmlns="http://www.loc.gov/MARC21/slim">

  <leader>00295nam a22001217a 4500</leader>
  <datafield tag="082" ind1=" " ind2=" ">
    <subfield code="a">340</subfield>
    <subfield code="b">ZAF</subfield>
  </datafield>
  <datafield tag="100" ind1=" " ind2=" ">
    <subfield code="a">Zafar S M</subfield>
  </datafield>
  <datafield tag="245" ind1=" " ind2=" ">
    <subfield code="a">Be A Competent Lawyer/</subfield>
    <subfield code="c">S M Zafar</subfield>
  </datafield>
  <datafield tag="260" ind1=" " ind2=" ">
    <subfield code="a">Lahore,</subfield>
    <subfield code="b">Sagar Publishers</subfield>
    <subfield code="c">2014.</subfield>
  </datafield>
  <datafield tag="300" ind1=" " ind2=" ">
    <subfield code="a">208,p.</subfield>
  </datafield>
  <datafield tag="650" ind1=" " ind2=" ">
    <subfield code="a">Competent Lawyer</subfield>
    <subfield code="9">127968</subfield>
  </datafield>
  <datafield tag="942" ind1=" " ind2=" ">
    <subfield code="2">ddc</subfield>
    <subfield code="c">BK</subfield>
  </datafield>
  <datafield tag="999" ind1=" " ind2=" ">
    <subfield code="c">612964</subfield>
    <subfield code="d">612964</subfield>
  </datafield>
  <datafield tag="952" ind1=" " ind2=" ">
    <subfield code="0">0</subfield>
    <subfield code="1">0</subfield>
    <subfield code="2">ddc</subfield>
    <subfield code="4">0</subfield>
    <subfield code="6">340_000000000000000_ZAF</subfield>
    <subfield code="7">0</subfield>
    <subfield code="9">637613</subfield>
    <subfield code="a">NLS</subfield>
    <subfield code="b">NLS</subfield>
    <subfield code="d">2025-02-26</subfield>
    <subfield code="e">Purchased by Multiline Books</subfield>
    <subfield code="l">0</subfield>
    <subfield code="o">340 ZAF</subfield>
    <subfield code="p">NLS-12</subfield>
    <subfield code="r">2025-02-26</subfield>
    <subfield code="w">2025-02-26</subfield>
    <subfield code="y">BK</subfield>
  </datafield>
  <datafield tag="952" ind1=" " ind2=" ">
    <subfield code="0">0</subfield>
    <subfield code="1">0</subfield>
    <subfield code="2">ddc</subfield>
    <subfield code="4">0</subfield>
    <subfield code="6">340_000000000000000_ZAF</subfield>
    <subfield code="7">0</subfield>
    <subfield code="9">637614</subfield>
    <subfield code="a">NLS</subfield>
    <subfield code="b">NLS</subfield>
    <subfield code="d">2025-02-26</subfield>
    <subfield code="e">Purchased by Multiline Books</subfield>
    <subfield code="l">0</subfield>
    <subfield code="o">340 ZAF</subfield>
    <subfield code="p">NLS-13</subfield>
    <subfield code="r">2025-02-26</subfield>
    <subfield code="w">2025-02-26</subfield>
    <subfield code="y">BK</subfield>
  </datafield>
  <datafield tag="952" ind1=" " ind2=" ">
    <subfield code="0">0</subfield>
    <subfield code="1">0</subfield>
    <subfield code="2">ddc</subfield>
    <subfield code="4">0</subfield>
    <subfield code="6">340_000000000000000_ZAF</subfield>
    <subfield code="7">0</subfield>
    <subfield code="9">637615</subfield>
    <subfield code="a">NLS</subfield>
    <subfield code="b">NLS</subfield>
    <subfield code="d">2025-02-26</subfield>
    <subfield code="e">Purchased by Multiline Books</subfield>
    <subfield code="l">0</subfield>
    <subfield code="o">340 ZAF</subfield>
    <subfield code="p">NLS-14</subfield>
    <subfield code="r">2025-02-26</subfield>
    <subfield code="w">2025-02-26</subfield>
    <subfield code="y">BK</subfield>
  </datafield>
  <datafield tag="952" ind1=" " ind2=" ">
    <subfield code="0">0</subfield>
    <subfield code="1">0</subfield>
    <subfield code="2">ddc</subfield>
    <subfield code="4">0</subfield>
    <subfield code="6">340_000000000000000_ZAF</subfield>
    <subfield code="7">0</subfield>
    <subfield code="9">637616</subfield>
    <subfield code="a">NLS</subfield>
    <subfield code="b">NLS</subfield>
    <subfield code="d">2025-02-26</subfield>
    <subfield code="e">Purchased by Multiline Books</subfield>
    <subfield code="l">0</subfield>
    <subfield code="o">340 ZAF</subfield>
    <subfield code="p">NLS-15</subfield>
    <subfield code="r">2025-02-26</subfield>
    <subfield code="w">2025-02-26</subfield>
    <subfield code="y">BK</subfield>
  </datafield>
  <datafield tag="952" ind1=" " ind2=" ">
    <subfield code="0">0</subfield>
    <subfield code="1">0</subfield>
    <subfield code="2">ddc</subfield>
    <subfield code="4">0</subfield>
    <subfield code="6">340_000000000000000_ZAF</subfield>
    <subfield code="7">0</subfield>
    <subfield code="9">640390</subfield>
    <subfield code="a">NLS</subfield>
    <subfield code="b">NLS</subfield>
    <subfield code="d">2025-06-27</subfield>
    <subfield code="e">Allied Book Company</subfield>
    <subfield code="l">1</subfield>
    <subfield code="o">340 ZAF</subfield>
    <subfield code="p">NLS-2290</subfield>
    <subfield code="r">2026-01-02</subfield>
    <subfield code="s">2025-10-03</subfield>
    <subfield code="w">2025-06-27</subfield>
    <subfield code="y">BK</subfield>
  </datafield>
  <datafield tag="952" ind1=" " ind2=" ">
    <subfield code="0">0</subfield>
    <subfield code="1">0</subfield>
    <subfield code="2">ddc</subfield>
    <subfield code="4">0</subfield>
    <subfield code="6">340_000000000000000_ZAF</subfield>
    <subfield code="7">0</subfield>
    <subfield code="9">640391</subfield>
    <subfield code="a">NLS</subfield>
    <subfield code="b">NLS</subfield>
    <subfield code="d">2025-06-27</subfield>
    <subfield code="e">Allied Book Company</subfield>
    <subfield code="l">0</subfield>
    <subfield code="o">340 ZAF</subfield>
    <subfield code="p">NLS-2291</subfield>
    <subfield code="r">2025-06-27</subfield>
    <subfield code="w">2025-06-27</subfield>
    <subfield code="y">BK</subfield>
  </datafield>
  <datafield tag="952" ind1=" " ind2=" ">
    <subfield code="0">0</subfield>
    <subfield code="1">0</subfield>
    <subfield code="2">ddc</subfield>
    <subfield code="4">0</subfield>
    <subfield code="6">340_000000000000000_ZAF</subfield>
    <subfield code="7">0</subfield>
    <subfield code="9">640392</subfield>
    <subfield code="a">NLS</subfield>
    <subfield code="b">NLS</subfield>
    <subfield code="d">2025-06-27</subfield>
    <subfield code="e">Allied Book Company</subfield>
    <subfield code="l">0</subfield>
    <subfield code="o">340 ZAF</subfield>
    <subfield code="p">NLS-2292</subfield>
    <subfield code="r">2025-06-27</subfield>
    <subfield code="w">2025-06-27</subfield>
    <subfield code="y">BK</subfield>
  </datafield>
  <datafield tag="952" ind1=" " ind2=" ">
    <subfield code="0">0</subfield>
    <subfield code="1">0</subfield>
    <subfield code="2">ddc</subfield>
    <subfield code="4">0</subfield>
    <subfield code="6">340_000000000000000_ZAF</subfield>
    <subfield code="7">0</subfield>
    <subfield code="9">640393</subfield>
    <subfield code="a">NLS</subfield>
    <subfield code="b">NLS</subfield>
    <subfield code="d">2025-06-27</subfield>
    <subfield code="e">Allied Book Company</subfield>
    <subfield code="l">0</subfield>
    <subfield code="o">340 ZAF</subfield>
    <subfield code="p">NLS-2293</subfield>
    <subfield code="r">2025-06-27</subfield>
    <subfield code="w">2025-06-27</subfield>
    <subfield code="y">BK</subfield>
  </datafield>
</record>
